Calciatori per Scudetti vinti in Serie A - Statistics

Statistiche generali
  • Questo quiz è stato fatto 171 volte
  • Il punteggio medio è 6 su 13
Statistiche sulle risposte
Numero scudetti vinti Nazione Calciatore % Corretto
10 Italia Gianluigi Buffon
99%
9 Italia Giorgio Chiellini
95%
9 Italia Leonardo Bonucci
95%
8 Italia Andrea Barzagli
85%
7 Italia Claudio Marchisio
73%
7 Italia Paolo Maldini
61%
7 Svizzera Stephan Lichtsteiner
60%
7 Italia Alessandro Costacurta
22%
7 Italia Gaetano Scirea
20%
8 Italia Giuseppe Furino
11%
7 Italia Roberto Bettega
11%
7 Italia Ciro Ferrara
5%
8 Italia Giovanni Ferrari
3%
Nessun quiz corrispondente trovato
Distribuzione punteggi
Percentuale di utenti per punteggio
Percentile per numero di risposta
I tuoi punteggi nel tempo
Non hai fatto questo quiz